| Record ID | talis_openlibrary_contribution/talis-openlibrary-contribution.mrc:273599159:511 |
| Source | Talis |
| Download Link | /show-records/talis_openlibrary_contribution/talis-openlibrary-contribution.mrc:273599159:511?format=raw |
LEADER: 00511cam a2200145 a 4500
001 6f03ac85a6ac42349ce5e35ecd54b91d
003 UK-BiTAL
005 20050705115057.0
008 900202s1987 xxk | 000 ||eng|d
035 $a()y953620x
040 $aUW$cUW$dUK-BiTAL
100 1 $aWilkinson, Gavin William Grahame.
245 00 $aRegulation of human cytomegalovirus strain AD169 gene expression /$cby Gavin William Grahame Wilkinson.
260 $a[s.l.] :$btypescript,$c1987.
502 $aThesis (Ph.D.) - University of Warwick, 1987.